Pío X y su tiempo / (Record no. 40905)

MARC details
000 -LEADER
campo de control de longitud fija 00579nam a2200193 i 4500
001 - NÚMERO DE CONTROL
campo de control 40905
003 - IDENTIFICADOR DE NÚMERO DE CONTROL
campo de control ES-MaACL
007 - CAMPO FIJO DE DESCRIPCIÓN FÍSICA--INFORMACIÓN GENERAL
campo de control de longitud fija t|
008 - DATOS DE LONGITUD FIJA--INFORMACIÓN GENERAL
campo de control de longitud fija 030307s1943 sp ||||1| spa d
100 1# - ENTRADA PRINCIPAL--NOMBRE DE PERSONA
Nombre de persona Carli, Ferruccio.
9 (RLIN) 35273
245 10 - MENCIÓN DEL TÍTULO
Título Pío X y su tiempo /
Mención de responsabilidad, etc. Ferruccio Carli ; traducción de Carlos Becerra.
260 ## - PUBLICACIÓN, DISTRIBUCIÓN, ETC.
Lugar de publicación, distribución, etc. Barcelona :
Nombre del editor, distribuidor, etc. Luis de Caralt,
Fecha de publicación, distribución, etc. [1943] (
Fabricante Imprenta Comas)
300 ## - DESCRIPCIÓN FÍSICA
Extensión 289 p., 22 lám. ;
Dimensiones 22 cm.
600 04 - PUNTO DE ACCESO ADICIONAL DE MATERIA--NOMBRE DE PERSONA
9 (RLIN) 239958
Nombre de persona Pío
Numeración X,
Títulos y otros términos asociados al nombre Papa, Santo
700 1# - ENTRADA AGREGADA--NOMBRE PERSONAL
Nombre de persona Becerra, Carlos.
9 (RLIN) 26876
852 ## - LOCALIZACIÓN
Ubicación ES-MaACL
Número de control de estantería B-2254
942 ## - ELEMENTOS DE ENTRADA SECUNDARIOS (KOHA)
Fuente del sistema de clasificación o colocación Clasificación decimal universal
Holdings
Estatus retirado Estado de pérdida Estado de daño No para préstamo Biblioteca de origen Biblioteca actual Ubicación en estantería Fecha de adquisición Fuente de adquisición Total de préstamos Signatura topográfica completa Código de barras Visto por última vez Precio de reemplazo Tipo de ítem Koha
        Biblioteca del Ateneo de Madrid Biblioteca del Ateneo de Madrid Sala Pardo Bazán 17/01/2008     B-2254 1043060 23/02/2023 23/02/2023 Libro impreso